| 000 | 00521nam a2200193Ia 4500 | ||
|---|---|---|---|
| 005 | 20250326141513.0 | ||
| 008 | 250326s9999 xx 000 0 und d | ||
| 037 | _aTextbook | ||
| 040 |
_aFMSL _beng _cFMSL |
||
| 041 |
_aeng _2eng |
||
| 084 |
_aX:9 N1 _qFMSL |
||
| 100 |
_aMathis R L _9738452 |
||
| 245 | 0 |
_aPersonnel Human resource Management _cMathis R L; Jackson J H |
|
| 250 | _a6 | ||
| 260 |
_aNew York _bNew York, West _c1991 |
||
| 300 | _a666p | ||
| 942 |
_cTB _hX:9 N1 |
||
| 999 |
_c1290610 _d1290610 |
||